000 01526nam a2200361Ia 4500
001 ebr10659020
003 CaPaEBR
006 m u
007 cr cn|||||||||
008 080718s2009 nyuab sb 001 0 eng d
010 _z 2008032046
020 _z1604568860 (hbk. : alk. paper)
020 _z9781604568868 (hbk. : alk. paper)
020 _z9781613241875 (ebook)
040 _aCaPaEBR
_cCaPaEBR
035 _a(OCoLC)705945759
050 1 4 _aHD7346.A3
_bH65 2009eb
082 0 4 _a363.50948
_223
100 1 _aHolt-Jensen, Arild.
245 1 0 _aUrban sustainability and governance
_h[electronic resource] :
_bnew changes in Nordic-Baltic housing policies /
_cArild Holt-Jensen, Eric Pollock, editors.
260 _aNew York :
_bNova Science Publishers,
_cc2009.
300 _axxiv, 349 p. :
_bill. (chiefly col.), maps (some col.)
504 _aIncludes bibliographical references and index.
533 _aElectronic reproduction.
_bPalo Alto, Calif. :
_cebrary,
_d2013.
_nAvailable via World Wide Web.
_nAccess may be limited to ebrary affiliated libraries.
650 0 _aHousing policy
_zBaltic States.
650 0 _aHousing policy
_zScandinavia.
650 0 _aSustainable urban development
_zBaltic states.
650 0 _aSustainable urban development
_zScandinavia.
655 7 _aElectronic books.
_2local
700 1 _aPollock, Eric.
710 2 _aebrary, Inc.
856 4 0 _uhttp://site.ebrary.com/lib/rucke/Doc?id=10659020
_zAn electronic book accessible through the World Wide Web; click to view
999 _c167339
_d167339